Barron's GRE (Record no. 590650)
[ view plain ]
| 000 -LEADER | |
|---|---|
| fixed length control field | 00830nam a22003015i 4500 |
| 001 - CONTROL NUMBER | |
| control field | 19375725 |
| 003 - CONTROL NUMBER IDENTIFIER | |
| control field | NUST |
| 005 - DATE AND TIME OF LATEST TRANSACTION | |
| control field | 20220825112117.0 |
| 008 - FIXED-LENGTH DATA ELEMENTS--GENERAL INFORMATION | |
| fixed length control field | 161116s2017 nyu 000 0 eng |
| 010 ## - LIBRARY OF CONGRESS CONTROL NUMBER | |
| LC control number | 2016959852 |
| 020 ## - INTERNATIONAL STANDARD BOOK NUMBER | |
| International Standard Book Number | 9781438009155 |
| 038 ## - RECORD CONTENT LICENSOR | |
| Staff Name | Azhar |
| 040 ## - CATALOGING SOURCE | |
| Original cataloging agency | DLC |
| Language of cataloging | eng |
| Description conventions | rda |
| Transcribing agency | DLC |
| 042 ## - AUTHENTICATION CODE | |
| Authentication code | pcc |
| 082 ## - DEWEY DECIMAL CLASSIFICATION NUMBER | |
| Classification number | 378.1662 |
| Author Mark | GRE |
| 100 1# - MAIN ENTRY--PERSONAL NAME | |
| Personal name | Green, Sharon Weiner. |
| 9 (RLIN) | 38360 |
| 245 10 - TITLE STATEMENT | |
| Title | Barron's GRE |
| Statement of responsibility, etc. | Sharon Weiner Green, Ira K. Wolf. |
| 250 ## - EDITION STATEMENT | |
| Edition statement | 22nd edition |
| 260 ## - PUBLICATION, DISTRIBUTION, ETC. | |
| Place of publication, distribution, etc. | Hauppauge, NY : |
| Name of publisher, distributor, etc. | Barrons Educational Series, Inc., |
| Date of publication, distribution, etc. | 2017 |
| 263 ## - PROJECTED PUBLICATION DATE | |
| Projected publication date | 1706 |
| 300 ## - PHYSICAL DESCRIPTION | |
| Extent | pages cm |
| 336 ## - CONTENT TYPE | |
| Content type term | text |
| Content type code | txt |
| Source | rdacontent |
| 337 ## - MEDIA TYPE | |
| Media type term | unmediated |
| Media type code | n |
| Source | rdamedia |
| 338 ## - CARRIER TYPE | |
| Carrier type term | volume |
| Carrier type code | nc |
| Source | rdacarrier |
| 906 ## - LOCAL DATA ELEMENT F, LDF (RLIN) | |
| a | 0 |
| b | ibc |
| c | orignew |
| d | 2 |
| e | epcn |
| f | 20 |
| g | y-gencatlg |
| 942 ## - ADDED ENTRY ELEMENTS (KOHA) | |
| Source of classification or shelving scheme | |
| Koha item type | Lincoln Corner |
| Withdrawn status | Lost status | Source of classification or shelving scheme | Damaged status | Not for loan | Permanent Location | Current Location | Shelving location | Date acquired | Full call number | Barcode | Date last seen | Price effective from | Koha item type |
|---|---|---|---|---|---|---|---|---|---|---|---|---|---|
| Central Library (CL) | Central Library (CL) | Lincoln Corner | 07/26/2022 | 378.1662 GRE | LC-128 | 07/26/2022 | 07/26/2022 | Reference |
